La Democracia: el equilibrio entre la mayoría y la minoría = Democracy: Equilibrium between the Majority and the Minority /
Guardat en:
| Autor principal: | |
|---|---|
| Format: | Text |
| Matèries: | |
| Etiquetes: |
Afegir etiqueta
Sense etiquetes, Sigues el primer a etiquetar aquest registre!
|
MARC
| LEADER | 00000 a a2200000 04500 | ||
|---|---|---|---|
| 001 | 4638 | ||
| 003 | |||
| 040 | |||
| 090 | |a REV1025 (38) 2007 | ||
| 100 | |a Rincón de Maldonado, Miriam | ||
| 245 | |a La Democracia: el equilibrio entre la mayoría y la minoría = |b Democracy: Equilibrium between the Majority and the Minority / |c Miriam Rincón de Maldonado | ||
| 650 | |a POLITICA | ||
| 650 | |a DEMOCRACIA | ||
| 650 | |a DERECHO | ||
| 650 | |a PODER | ||
| 650 | |a VENEZUELA | ||
| 773 | |g número 38 (enero-junio, 2007), páginas 13-28. | ||
| 999 | |c 39491 |d 39491 | ||
